000
00312nam a22001337a 4500
008
170504b xxu||||| |||| 00| 0 eng d
020
_a
9780195130539
041
_a
eng
080
_a
34
100
_a
14
101
_a
SHJ
245
_a
SENTENCING AND SANCTIONS IN WESTERN COUNTRIES
_c
TONRY, M
942
_2
udc
_c
BK
999
_c
12648
_d
12648